The wireless data handbook /

Shranjeno v:
Bibliografske podrobnosti
Glavni avtor: DeRose, James F
Format: Sách giấy
Izdano: New York : Wiley, c1999.
Izdaja:4th ed.
Teme:
Online dostop:Table of Contents
Oznake: Označite
Brez oznak, prvi označite!
Thư viện lưu trữ: Thư viện Trường Đại học Đà Lạt
LEADER 01045nam a2200361 4500
001 DLU030022988
005 ##20011016080902.0
008 ##990414s1999 nyua b 001 0 eng
010 # # |a  99030369  
020 # # |a 0471316512 (alk. paper) 
035 # # |9 (DLC) 99030369 
040 # # |a DLC  |c DLC  |d DLC 
042 # # |a pcc 
050 # # |a TK5103.2  |b D47 1999 
082 # # |a 621.384 56  |b DE-J 
100 # # |a DeRose, James F 
245 # # |a The wireless data handbook /  |c James F. DeRose. 
250 # # |a 4th ed. 
260 # # |a New York :  |b Wiley,  |c c1999. 
300 # # |a xxi, 388 p. :  |b ill. ;  |c 24 cm. 
500 # # |a "A Wiley-Interscience publication." 
504 # # |a Includes bibliographical references and index. 
650 # # |a Wireless communication systems. 
856 # # |3 Table of Contents  |u http://www.loc.gov/catdir/toc/onix04/99030369.html 
992 # # |a 103.00 
994 # # |a DLU 
900 # # |a True 
911 # # |a Phan Ngọc Đông 
925 # # |a G 
926 # # |a A 
927 # # |a SH 
980 # # |a Thư viện Trường Đại học Đà Lạt